Creating economic order : (Record no. 52574)
[ view plain ]
| 000 -LEADER | |
|---|---|
| fixed length control field | 00906nam a22002057a 4500 |
| 005 - DATE AND TIME OF LATEST TRANSACTION | |
| control field | 20240422100803.0 |
| 008 - FIXED-LENGTH DATA ELEMENTS--GENERAL INFORMATION | |
| fixed length control field | 240422b ||||| 1883053854|||| 00| 0 eng d |
| 020 ## - INTERNATIONAL STANDARD BOOK NUMBER | |
| International Standard Book Number | 1883053854 |
| 040 ## - CATALOGING SOURCE | |
| Original cataloging agency | BSOP |
| 050 ## - LIBRARY OF CONGRESS CALL NUMBER | |
| Classification number | HF5616 |
| Item number | In5 2004 |
| 245 ## - TITLE STATEMENT | |
| Title | Creating economic order : |
| Remainder of title | record-keeping, standardization, and the development of accounting in the ancient Near East / |
| Statement of responsibility, etc | edited by Michael Hudson & Cornelia Wunsch. |
| 260 ## - PUBLICATION, DISTRIBUTION, ETC. (IMPRINT) | |
| Place of publication, distribution, etc | Bethesda, Maryland : |
| Name of publisher, distributor, etc | CDL Press, |
| Date of publication, distribution, etc | c2004. |
| 300 ## - PHYSICAL DESCRIPTION | |
| Extent | 354p. : |
| Other physical details | ills. ; |
| Dimensions | 23cm. |
| 440 ## - SERIES STATEMENT/ADDED ENTRY--TITLE | |
| Title | Institute for the Study of Long-term Economic Trends and the International Scholars Conference on Ancient Near Eastern Economics |
| Volume number/sequential designation | Volume 4 |
| 504 ## - BIBLIOGRAPHY, ETC. NOTE | |
| Bibliography, etc | Includes bibliographical references |
| 650 ## - SUBJECT ADDED ENTRY--TOPICAL TERM | |
| Topical term or geographic name as entry element | Accounting -- Middle East -- History |
| 650 ## - SUBJECT ADDED ENTRY--TOPICAL TERM | |
| Topical term or geographic name as entry element | Bookkeeping -- Standards -- Middle East -- History -- Congresses |
| 700 ## - ADDED ENTRY--PERSONAL NAME | |
| Personal name | Hudson, Michael |
| 942 ## - ADDED ENTRY ELEMENTS (KOHA) | |
| Source of classification or shelving scheme | Library of Congress Classification |
| Item type | Books |
| Withdrawn status | Lost status | Source of classification or shelving scheme | Damaged status | Not for loan | Home library | Current library | Shelving location | Date acquired | Source of acquisition | Serial Enumeration / chronology | Inventory number | Total Checkouts | Full call number | Barcode | Date last seen | Price effective from | Koha item type |
|---|---|---|---|---|---|---|---|---|---|---|---|---|---|---|---|---|---|
| Library of Congress Classification | BSOP Library | BSOP Library | David Weisberg Collection | 04/22/2024 | Donated by Dr. David and Oprah Weisberg | IV | 47999 | HF5616 In5 2004 | 00060333 | 04/22/2024 | 04/22/2024 | Books |
